Polska kadra Mundial 2002 - Statystyki

Ogólne statystyki
  • Ten quiz został rozwiązany 479 razy
  • Średni wynik to 13 z 23
Statystyki odpowiedzi
Pozycja Zawodnik % Poprawnych
Bramkarz Jerzy Dudek
97%
Napastnik Emmanuel Olisadebe
89%
Obrońca Tomasz Hajto
85%
Napastnik Maciej Żurawski
77%
Pomocnik Jacek Krzynówek
75%
Bramkarz Radosław Majdan
67%
Napastnik Paweł Kryszałowicz
66%
Obrońca Tomasz Wałdoch
65%
Napastnik Marcin Żewłakow
63%
Obrońca Michał Żewłakow
63%
Pomocnik Piotr Świerczewski
56%
Bramkarz Adam Matysek
55%
Obrońca Tomasz Kłos
54%
Pomocnik Radosław Kałużny
53%
Obrońca Marek Koźmiński
49%
Obrońca Jacek Bąk
41%
Pomocnik Paweł Sibik
38%
Obrońca Arkadiusz Głowack
37%
Obrońca Jacek Zieliński
37%
Pomocnik Tomasz Rząsa
35%
Pomocnik Arkadiusz Bąk
30%
Napastnik Cezary Kucharski
30%
Pomocnik Maciej Murawski
25%
Nie znaleziono quizów pasujących do podanych kryteriów
Rozkład punktacji
Procent ludzi z każdym wynikiem
Percentyl według liczby udzielonych odpowiedzi
Twoja historia wyników
Nie rozwiązałeś tego quizu